Catálogo público

Alternativas al manejo de la garrapata Boophilus microplus en el trópico / (Record no. 208135)

MARC details
000 -CABECERA
campo de control de longitud fija 00796nam a2200265Ia 4500
001 - NÚMERO DE CONTROL
campo de control Para_9449
003 - IDENTIFICADOR DEL NÚMERO DE CONTROL
campo de control CHAP
008 - DATOS DE LONGITUD FIJA--INFORMACIÓN GENERAL
campo de control de longitud fija 220125s2008 xx 000 0 und d
010 ## - NÚMERO DE CONTROL DE LA BIBLIOTECA DEL CONGRESO
Número de control de LC 208135
040 ## - FUENTE DE LA CATALOGACIÓN
Centro/agencia transcriptor CHAP
082 ## - NÚMERO DE LA CLASIFICACIÓN DECIMAL DEWEY
Número de clasificación 595.42 G6
100 1# - ENTRADA PRINCIPAL--NOMBRE DE PERSONA
Nombre de persona Gómez Cruz, Manuel Ángel
9 (RLIN) 49661
245 ## - MENCIÓN DE TÍTULO
Título Alternativas al manejo de la garrapata Boophilus microplus en el trópico /
Mención de responsabilidad, etc. por Manuel Ángel Gómez Cruz [y otros]
260 ## - PUBLICACIÓN, DISTRIBUCIÓN, ETC.
Lugar de publicación, distribución, etc. Chapingo, Méx. :
Nombre del editor, distribuidor, etc. Universidad Autónoma Chapingo
300 ## - DESCRIPCIÓN FÍSICA
Extensión 150 p.
650 ## - PUNTO DE ACCESO ADICIONAL DE MATERIA--TÉRMINO DE MATERIA
Término de materia o nombre geográfico como elemento de entrada Garrapatas
Subdivisión general control
9 (RLIN) 144059
710 2# - PUNTO DE ACCESO ADICIONAL--NOMBRE DE ENTIDAD CORPORATIVA
Nombre de entidad corporativa o nombre de jurisdicción como elemento de entrada Universidad Autónoma Chapingo
9 (RLIN) 143749
901 ## - ELEMENTOS DE DATOS A LOCAL LDA (RLIN)
a 595.42 G6
902 ## - ELEMENTOS DE DATOS B LOCAL, LDB (RLIN)
a M
905 ## - ELEMENTOS DE DATOS E LOCAL, LDE (RLIN)
a 0000002008 an 0000000000 00
910 ## - DATOS DE OPCIÓN DEL USUARIO (OCLC)
Datos de opción del usuario 2008
942 ## - ELEMENTOS DE PUNTO DE ACCESO ADICIONAL (KOHA)
Tipo de ítem Koha Parasitologia_
942 ## - ELEMENTOS DE PUNTO DE ACCESO ADICIONAL (KOHA)
Tipo de ítem Koha Parasitologia_
-- 1
Holdings
Estado de retiro Estado de pérdida Fuente del sistema de clasificación o colocación Estado dañado Restricciones de uso No para préstamo Código de colección Localización permanente Ubicación/localización actual Fecha de adquisición Información codificada de la localización en otra ubicación Número de inventario Total de préstamos Signatura topográfica completa Código de barras Fecha visto por última vez Número de copia Precio válido a partir de Tipo de ítem Koha Nota pública
    Dewey Decimal Classification   Préstamo 3 días   General Parasitologia Agricola Parasitologia Agricola 02/04/2009 PARA (PA_09467) (No. UACh C/E)   595.42 G6 4102000828 25/01/2022 Ej.5 25/01/2022 Libro 3
    Dewey Decimal Classification   Préstamo interno   General Parasitologia Agricola Parasitologia Agricola 09/09/2008 PARA (PA_5415) (No. UACh C/E)   595.42 G6 4102000824 25/01/2022 Ej.1 25/01/2022 Libro 3
    Dewey Decimal Classification   Préstamo 3 días   General Parasitologia Agricola Parasitologia Agricola 02/04/2009 PARA (PA_09464) (No. UACh C/E)   595.42 G6 4102000825 25/01/2022 Ej.2 25/01/2022 Libro 3
    Dewey Decimal Classification   Préstamo 3 días   General Parasitologia Agricola Parasitologia Agricola 02/04/2009 PARA (PA_09465) (No. UACh C/E)   595.42 G6 4102000826 25/01/2022 Ej.3 25/01/2022 Libro 3
    Dewey Decimal Classification   Préstamo 3 días   General Parasitologia Agricola Parasitologia Agricola 02/04/2009 PARA (PA_09466) (No. UACh C/E)   595.42 G6 4102000827 25/01/2022 Ej.4 25/01/2022 Libro 3